[Event "SVK-chT3B2 1819"]
[Site "Slovakia"]
[Date "2019.02.10"]
[Round "7.8"]
[White "Baran, Kamil"]
[Black "Slotik, Jan"]
[Result "1-0"]
[WhiteElo "1415"]
[BlackElo "1000"]
[PlyCount "35"]
[EventDate "2018.10.21"]
[EventType "team-tourn"]
[EventRounds "11"]
[EventCountry "SVK"]
[SourceTitle "CBM 189 Extra"]
[Source "ChessBase"]
[SourceDate "2019.06.03"]
[SourceVersion "1"]
[SourceVersionDate "2019.06.03"]
[SourceQuality "1"]
[WhiteTeam "Povazske Podhradie "]
[BlackTeam "Trencin "]
[WhiteTeamCountry "SVK"]
[BlackTeamCountry "SVK"]

1. e4 e5 2. Nf3 Nc6 3. Bc4 Nf6 4. Ng5 d5 5. exd5 Nxd5 6. Nxf7 Kxf7 7. Qf3+ Ke6 8. Nc3 Nce7 9. 0-0 c6 10. d4 Ng6 11. Re1 Bb4 12. dxe5 Rf8 13. Qg4+ Ke7 14. Nxd5+ cxd5 15. Bg5+ Ke8 16. Bb5+ Bd7 17. Bxd8 Bxb5 18. Qxb4 1-0

[Event "SVK-chT3B2 1718"]
[Site "Slovakia"]
[Date "2017.11.19"]
[Round "4.7"]
[White "Slotik, Jan"]
[Black "Sokol, Eduard"]
[Result "0-1"]
[WhiteElo "1000"]
[BlackElo "1685"]
[PlyCount "48"]
[EventDate "2017.10.08"]
[EventType "team-tourn"]
[EventRounds "11"]
[EventCountry "SVK"]
[SourceTitle "EXT 2019"]
[Source "ChessBase"]
[SourceDate "2018.10.10"]
[SourceVersion "1"]
[SourceVersionDate "2018.10.10"]
[SourceQuality "1"]
[WhiteTeam "Trencin II"]
[BlackTeam "Prievidza II"]
[WhiteTeamCountry "SVK"]
[BlackTeamCountry "SVK"]

1. e4 c5 2. Nf3 d6 3. Nc3 Nf6 4. d4 cxd4 5. Nxd4 Nc6 6. Bb5 Bd7 7. 0-0 g6 8. Bg5 Bg7 9. Nd5 Nxd5 10. exd5 Nxd4 11. Bxd7+ Qxd7 12. Re1 e5 13. dxe6 Nxe6 14. Bf4 0-0 15. Bxd6 Rfd8 16. Ba3 Qxd1 17. Rexd1 Rxd1+ 18. Rxd1 Rd8 19. Rxd8+ Nxd8 20. Kf1 Bf8 21. b4 Nc6 22. c3 a5 23. b5 Bxa3 24. bxc6 bxc6 0-1